| 000 | 00768cam a22002412 4500 | ||
|---|---|---|---|
| 001 | 0000000724 | ||
| 005 | 20151217151754.0 | ||
| 008 | 070216s xx 000 0 eng d | ||
| 020 |
_a0862019743 : _cKES 990 |
||
| 040 |
_aKABU _cKABU |
||
| 050 | 0 |
_aBS511.2 _b.F44 1993 |
|
| 100 | 1 |
_aFee, Gordon D. _@0000149044 |
|
| 245 | 1 | 0 |
_aHow to read the Bible for all its worth / _cGordon D. Fee and Douglas Stuart. |
| 250 | _a2nd ed. | ||
| 260 |
_aBlerchley, England : _bScripture Union, _c1993. |
||
| 300 | _a266 p. | ||
| 630 | 0 | 0 |
_aBible _xStudy and teaching. _@0000182503 |
| 700 | 1 |
_aStuart, Douglas. _@0000149045 |
|
| 908 | _a070216 | ||
| 950 | _@1 | ||
| 999 |
_c4874 _d4874 |
||